A Gem of an Idea - Statistics

General Stats
  • This quiz has been taken 34 times
  • The average score is 12 of 20
Answer Stats
Hint Answer % Correct
Produced inside an oyster Pearl
94%
Hardest naturally occurring material Diamond
91%
Green gemstone Emerald
88%
Found in shades from dark red to pinkish-red Ruby
88%
A "Girl's best friend" Diamond
85%
Commonly occurs in a range of blue shades Sapphire
85%
A harbor in Hawaii Pearl
82%
Lasts "Forever" in a James Bond film title Diamond
73%
Fictional black ship from 'Pirates of the Caribbean' Pearl
73%
A variety of quartz Amethyst
64%
The 'Blue Belle of Asia' Sapphire
64%
Name for part of Florida's panhandle coastline Emerald
52%
February birthstone Amethyst
48%
September birthstone Sapphire
45%
In the title of a song by The Kaiser Chiefs Ruby
42%
A variety of the mineral beryl Emerald
30%
40th wedding anniversary Ruby
30%
A good 'geezer' in Cockney rhyming slang Diamond
21%
55th wedding anniversary Emerald
21%
45th wedding anniversary Sapphire
12%
No matching quizzes found
Score Distribution
Percent of People with Each Score
Percentile by Number Answered
Your Score History
You have not taken this quiz